Monopoly Power, Import Competition, and Price Liberalization in the CSFR

Saved in:
Bibliographic Details
Main Author: Earle, John S.
Other Authors: Wörgötter, Andreas
Format: Book
Language:English
Published: Wien Institut für Höhere Studien 1994
Edition:1. ed.
Series:Sonderdruck No. 9
Subjects:
Tags: Add Tag
No Tags, Be the first to tag this record!

MARC

LEADER 00000nam a2200000 4500
001 c005554
005 20221214074541.6
041 0 |a eng 
044 |a AT 
245 1 0 |a Monopoly Power, Import Competition, and Price Liberalization in the CSFR  |c John S. Earle, Andreas Wörgötter 
250 |a 1. ed. 
264 1 |a Wien  |b Institut für Höhere Studien  |c 1994 
300 |a S. 322-341 
490 1 |a Sonderdruck  |v No. 9 
830 0 |a Sonderdruck  |v No. 9 
610 2 0 |a dovoz 
610 2 0 |a transformácia 
610 2 0 |a liberalizácia 
610 2 0 |a plánovanie 
610 2 0 |a ceny 
610 2 0 |a podnik 
610 2 0 |a ČSFR 
100 1 |a Earle, John S. 
700 1 |a Wörgötter, Andreas